Tablas y gráficos para cálculos de instalaciones industriales /
Guardado en:
| Autor Principal: | |
|---|---|
| Formato: | Libro |
| Idioma: | Spanish |
| Publicado: |
Buenos Aires :
Librería Mitre,
c 1979.
|
| Materias: | |
| Etiquetas: |
Agregar Etiqueta
Sin Etiquetas, Sea el primero en etiquetar este registro!
|
| LEADER | 00799nam a22001935a 4500 | ||
|---|---|---|---|
| 001 | EIQ.libpla001727 | ||
| 008 | 061212s1979####ag#a#####f####000#0#spa#d | ||
| 005 | 20061213164151.0 | ||
| 245 | 1 | 0 | |a Tablas y gráficos para cálculos de instalaciones industriales / |c Valentín Eksarho. |
| 260 | |a Buenos Aires : |b Librería Mitre, |c c 1979. | ||
| 300 | |a 2v. : |b il. ; |c 28 cm. | ||
| 100 | 1 | |a Eksarho, Valentín. | |
| 650 | 4 | |a Instalaciones industriales |x Handbooks, manuales, etc. | |
| 650 | 4 | |a Instalaciones industriales |x Tablas. | |
| 650 | 4 | |a Industrial facilities |x Handbooks, manuals, etc. | |
| 650 | 4 | |a Industrial facilities |x Tables. | |
| 040 | |a AR-BbSID |b spa |c AR-BbSID | ||
| 859 | |a AR-BbSID |b BIB. PLAPIQUI |h 620.004 |i Ek 78 |p 3512 |v Vol. 1 |3 Vol. 1 | ||
| 859 | |a AR-BbSID |b BIB. PLAPIQUI |h 620.004 |i Ek 78 |p 3513 |v Vol. 2 |3 Vol. 2 | ||
